McGraw-Hill Concise Encyclopedia of Science & Technology.

Published: New York: McGraw-Hill, 2003.
Edition:5th ed..
Subjects:
LEADER 00485cam a2200157 7i4500
001 0000035459
005 20050601090000.0
020 0 0 |a 0071429573  
090 0 0 |a Q 121   |b M113 2005 
245 0 0 |a McGraw-Hill Concise Encyclopedia of Science & Technology. 
250 0 0 |a 5th ed.. 
260 0 0 |a New York:   |b McGraw-Hill,   |c 2003. 
300 |a xi, 2651 p.:   |b ill.;   |c 29 cm.. 
650 0 0 |a Technology --   |x Encyclopedias  
650 0 0 |a Science --   |x Encyclopedias  
999 |a 1100033229  |b Book  |c Rujukan  |e KOLEKSI RUJUKAN